| 000 | 00365nam a22000977a 4500 | ||
|---|---|---|---|
| 008 | 130417b xxu||||| |||| 00| 0 eng d | ||
| 020 |
_a9780387245317 _cAvalable |
||
| 050 |
_a612.01575WAK _b002263 |
||
| 245 |
_aProtein Reviews Proteomics And Protein-Protein Interactions:Biology,Chemistry,Bioinformatics and Drug Design Vol-3 _cWaksman Gabriel |
||
| 260 |
_aUSA _bSpringer _c2005 |
||
| 999 |
_c23405 _d23405 |
||